| 000 | 00451ntaaa2200193 4500 | ||
|---|---|---|---|
| 003 | 01 | ||
| 005 | 20251027201606.0 | ||
| 008 | 0714s1973 ag 01 | ||
| 040 |
_aAR-BaBN _bspa _cAR-BaBN _eaacr _dRIC |
||
| 082 | _a230.0000 Sc9 | ||
| 100 | _aSchweitzer, Albert | ||
| 245 | _aAn Anthology | ||
| 250 |
_a1 ed. : _bBeacon, _c1962 |
||
| 300 | _axxv, 355 p. | ||
| 650 | _aFilosofĂa | ||
| 650 | _aTeologĂa | ||
| 700 |
_aJoy, C. R. _914516 |
||
| 942 | _cBK | ||
| 999 |
_c10493 _d10493 |
||